Jura: juristische Ausbildung
| Medienart: | Elektronisch Zeitschrift |
|---|---|
| Sprache: | Deutsch |
| Veröffentlicht: |
Berlin
de Gruyter
2009-
|
| In: | Jahr: 2009 |
| Online-Zugang: |
Volltext (Frontdoor-Url) Volltext (Langzeitarchivierung; 2024-) Volltext (Resolving-System) Volltext (Verlag) |
| Verfügbarkeit prüfen: | HBZ Gateway |
| Subito Bestelldienst: | Jetzt bestellen. |
| Bände / Aufsätze: | Bände / Aufsätze anzeigen. |
| Schlagwörter: | |
| Parallele Ausgabe: | Nicht-Elektronisch
|
MARC
| LEADER | 00000cas a2200000 c 4500 | ||
|---|---|---|---|
| 001 | 624822907 | ||
| 003 | DE-627 | ||
| 005 | 20251223223047.0 | ||
| 007 | cr ||||||||||| | ||
| 008 | 100428c20099999gw m| p|o 0 |0ger c | ||
| 016 | 7 | |a 1001696751 |2 DE-101 | |
| 016 | 7 | |a 2549890-3 |2 DE-600 | |
| 022 | |a 1612-7021 | ||
| 024 | 7 | |a 10.1515/jura |2 doi | |
| 035 | |a (DE-627)624822907 | ||
| 035 | |a (DE-576)330691376 | ||
| 035 | |a (DE-599)ZDB2549890-3 | ||
| 035 | |a (OCoLC)1368978253 | ||
| 040 | |a DE-627 |b ger |c DE-627 |e rakwb | ||
| 041 | |a ger | ||
| 044 | |c XA-DE | ||
| 082 | 0 | |a 340.071143 |q SEPA |2 22/ger | |
| 082 | 0 | 4 | |a 340 |q DE-600 |
| 084 | |a 2 |2 ssgn | ||
| 084 | |a INTRECHT |q DE-1a |2 fid | ||
| 084 | |a PA 1000 |q SEPA |2 rvk |0 (DE-625)rvk/134985: | ||
| 084 | |a 86.00 |2 bkl | ||
| 222 | 0 | |a Jura, juristische Ausbildung | |
| 245 | 0 | 0 | |a Jura |b juristische Ausbildung |
| 246 | 3 | 3 | |a Jura |
| 246 | 3 | 3 | |a JK |
| 246 | 3 | 3 | |a Juristische Ausbildung |
| 264 | 3 | 1 | |a Berlin |b de Gruyter |c 2009- |
| 300 | |a Online-Ressource | ||
| 336 | |a Text |b txt |2 rdacontent | ||
| 337 | |a Computermedien |b c |2 rdamedia | ||
| 338 | |a Online-Ressource |b cr |2 rdacarrier | ||
| 362 | 0 | |a Nachgewiesen 31.2009 - | |
| 363 | 0 | 1 | |a 31 |i 2009 |
| 500 | |a Gesehen am 25.01.12 | ||
| 515 | |a Ersch. monatl. | ||
| 655 | 7 | |a Fundstellenverzeichnis |0 (DE-588)4155642-2 |0 (DE-627)105514314 |0 (DE-576)209820705 |2 gnd-content | |
| 655 | 7 | |a Zeitschrift |0 (DE-588)4067488-5 |0 (DE-627)10454466X |0 (DE-576)20917000X |2 gnd-content | |
| 689 | 0 | 0 | |d g |0 (DE-588)4011882-4 |0 (DE-627)104704861 |0 (DE-576)208896155 |a Deutschland |2 gnd |
| 689 | 0 | 1 | |d s |0 (DE-588)4073131-5 |0 (DE-627)106093215 |0 (DE-576)209189495 |a Juristenausbildung |2 gnd |
| 689 | 0 | |5 DE-101 | |
| 689 | 1 | 0 | |d s |0 (DE-588)4048737-4 |0 (DE-627)106189719 |0 (DE-576)20907907X |a Recht |2 gnd |
| 689 | 1 | |5 DE-101 | |
| 776 | 1 | |x 0170-1452 | |
| 776 | 0 | 8 | |i Erscheint auch als |n Druck-Ausgabe |t Jura |d Berlin : de Gruyter, 1979 |w (DE-627)129893536 |w (DE-600)304057-4 |w (DE-576)015211681 |x 0170-1452 |k Non-Electronic |
| 856 | 4 | 0 | |u https://doi.org/10.1515/jura |x Resolving-System |7 1 |
| 856 | 4 | 0 | |u https://ezb.ur.de/?2549890-3 |x Frontdoor-Url |7 1 |
| 856 | 4 | 0 | |u https://www.degruyterbrill.com/jura |x Verlag |7 1 |
| 856 | 4 | 0 | |u https://digital.zlb.de/viewer/metadata/1001696751/1/LOG_0000/ |x Langzeitarchivierung; 2024- |7 1 |
| 912 | |a ZDB-1-DGR | ||
| 912 | |a ZDB-1-DHSB | ||
| 936 | r | v | |a PA 1000 |b Allgemeine juristische Zeitschriften |k Rechtswissenschaft |k Allgemeine juristische Zeitschriften |0 (DE-627)1275293212 |0 (DE-625)rvk/134985: |0 (DE-576)205293212 |
| 936 | b | k | |a 86.00 |j Recht: Allgemeines |q SEPA |0 (DE-627)106416456 |
| 938 | 1 | 0 | |0 (DE-627)175614625X |0 (DE-615)6603417 |a Deutschland |2 fivt |
| 938 | 1 | 0 | |0 (DE-627)175623650X |0 (DE-615)6600690 |a Recht |2 fivt |
| 951 | |a JT | ||
| ELC | |a 1 | ||
| LOK | |0 000 xxxxxcy a22 3n 4500 | ||
| LOK | |0 001 2805970802 | ||
| LOK | |0 003 DE-627 | ||
| LOK | |0 004 624822907 | ||
| LOK | |0 005 20250408190020 | ||
| LOK | |0 007 ccruuuuuuuuuuuu | ||
| LOK | |0 008 140705||||||||||||||||ger||||||| | ||
| LOK | |0 035 |a (DE-600)294045236 | ||
| LOK | |0 040 |a DE-21 |c DE-627 |d DE-21 | ||
| LOK | |0 092 |o k | ||
| LOK | |0 093 |e Volltext online u. Druckausg. |f Nationallizenz |g Kostenpflichtig | ||
| LOK | |0 852 |z Verwendung von "Ariel Interlibrary Loan Software" ist erlaubt; Versand an E-Mailadressen ist nicht gestattet | ||
| LOK | |0 852 |a DE-21 | ||
| LOK | |0 852 1 |9 00 | ||
| LOK | |0 85640 |u https://ezb.ur.de/detail.phtml?bibid=UBTUE&jour_id=4197 |x EZB | ||
| LOK | |0 85901 |8 1.1 |a 31 |i 2009 | ||
| LOK | |0 859 |y -001Y | ||
| LOK | |0 866 |x Nationallizenz | ||
| LOK | |0 86630 |a 31.2009 - | ||
| LOK | |0 866 0 |z Die letzten 1 Jahrgänge sind nicht zugänglich | ||
| LOK | |0 912 |a natli_degruyter_archive | ||
| LOK | |0 935 |a cofz |a zezb | ||
| LOK | |0 938 |l Volltext online u. Druckausg. |8 0 | ||
| LOK | |0 938 |l Nationallizenz |8 1 | ||
| LOK | |0 938 |l Kostenpflichtig |8 2 | ||
| LOK | |0 939 |a 30-10-18 |b zez | ||
| LOK | |0 000 xxxxxcy a22 3n 4500 | ||
| LOK | |0 001 485005403X | ||
| LOK | |0 003 DE-627 | ||
| LOK | |0 004 624822907 | ||
| LOK | |0 005 20260122070707 | ||
| LOK | |0 007 ccruuuuuuuuuuuu | ||
| LOK | |0 008 260115||||||||||||||||ger||||||| | ||
| LOK | |0 035 |a (DE-600)1261041739 | ||
| LOK | |0 040 |a DE-21 |c DE-627 |d DE-21 | ||
| LOK | |0 092 |o k |p n | ||
| LOK | |0 093 |e Volltext online u. Druckausg. |f Konsortiallizenz |g Kostenpflichtig | ||
| LOK | |0 852 |z Zulässig ist im Rahmen der Fernleihe bei elektronischer Übertragung zwischen den Bibliotheken nur der Ausdruck auf Papier. Dem Lizenznehmer ist es nicht erlaubt, sich kommerziell an entgeltlichen Dokumentenlieferdiensten zu beteiligen. | ||
| LOK | |0 852 |a DE-21 | ||
| LOK | |0 852 1 |9 00 | ||
| LOK | |0 85640 |u https://ezb.ur.de/detail.phtml?bibid=UBTUE&jour_id=4197 |x EZB | ||
| LOK | |0 85901 |8 1.1 |a 31 |i 2009 | ||
| LOK | |0 866 |x Nationalkonsortium | ||
| LOK | |0 86630 |a 31.2009 - | ||
| LOK | |0 912 |a natli_degruyter_hss | ||
| LOK | |0 935 |a cofz |a zezb | ||
| LOK | |0 938 |l Volltext online u. Druckausg. |8 0 | ||
| LOK | |0 938 |l Konsortiallizenz |8 1 | ||
| LOK | |0 938 |l Kostenpflichtig |8 2 | ||
| LOK | |0 939 |a 14-01-26 |b zez | ||
| ORI | |a SA-MARC-krimdokb001.raw | ||
| SPR | |a 1 |t KRI | ||
| TIM | |a 100019901003_100020261231 |b 1990-10-03 - 2026 | ||
